000 03225cam0 2200577 ib4500
001 BY-NLB-br0001096063
005 20260402101916.0
010 ^a978-5-98156-403-1
100 ^a20140707d2012 k y0rusy50 ca
101 1 ^arus
^crua
102 ^aRU
105 ^ay z 010ly
109 ^aaa
181 0 ^ai4
182 0 ^an
200 1 ^aАвраамкина летопись
^fвступительная статья, перевод и комментарии В. В. Ильина и П. И. Привалова
203 ^aТекст
^cнепосредственный
210 ^d2012
215 ^a269, [1] с.
345 ^9800 экз.
461 0 ^12001
^aСмоленская земля в памятниках русской словесности
^e[сборник
^fпод общей редакцией В. В. Ильина]
^vТ. 4
^1010
^a978-5-98156-366-9
^bв переплете
^1210
^aСмоленск
^cМаджента
^d2012—2013
^1215
^d22 см
517 1 ^aЛетопись Авраамки
605 ^3BY-NLB-ar69015
^aАвраамки летопись
^2BY-auth
606 ^3BY-NLB-ar43556
^aИСТОРИЧЕСКИЕ ИСТОЧНИКИ
^2DVNLB
606 ^3BY-NLB-ar28726
^aРУССКИЙ
^2DVNLB
606 ^3BY-NLB-ar22574
^aПАМЯТНИКИ ПИСЬМЕННОСТИ
^2DVNLB
606 ^3BY-NLB-ar2644398
^aРУКОПИСНЫЕ КНИГИ
^2DVNLB
606 ^3BY-NLB-ar9966
^aДРЕВНЯЯ ИСТОРИЯ
^2DVNLB
606 ^3BY-NLB-ar31737
^aСРЕДНЕВЕКОВЬЕ
^2DVNLB
606 ^3BY-NLB-ar2648372
^aИСТОРИЯ
^2DVNLB
606 ^3BY-NLB-ar13707
^aКНЯЗЬЯ
^2DVNLB
606 ^3BY-NLB-ar18548
^aМИТРОПОЛИТЫ
^2DVNLB
606 ^3BY-NLB-ar2947
^aАРХИЕПИСКОПЫ
^2DVNLB
607 ^3BY-NLB-ar9962
^aДревняя Русь
^2BY-auth
607 ^3BY-NLB-ar28738
^aРусское государство
^2BY-auth
608 ^3BY-NLB-ar16107
^aЛЕТОПИСЬ
^2BYGNR
615 ^3BY-SEK-ar1826174
^aБелорусский национальный документ
660 ^ae-ru
686 ^a83.3(2Рос) + 84(2Рос)4-4
^2rubbk
690 ^a1
^2Base
^9BY-MI0000
^xRSEK
702 1 ^3BY-NLB-ar2674208
^aИльин
^bВ. В.
^gВиктор Васильевич
^cдоктор филологических наук
^fрод. 1929
^4080
^4730
^4212
^4340
702 1 ^3BY-SEK-ar7501805
^aПривалов
^bП. И.
^gПетр Иванович
^4080
^4730
^4212
801 0 ^aBY
^bBY-HM0000
^c20140707
^gpsbo
801 2 ^aBY
^bBY-MI0000
^c20260323
^gRCR
035 ^a(BY-MI0000)BY-NLB-br0001096063
899 0 ^aBY-MI0000
^iС511
^h83.3(2Рос)